El gran hecho: el mundo adora a un judío crucificado

Guardat en:
Dades bibliogràfiques
Autor principal: Gaume, Juan José (Autor)
Format: Llibre
Idioma:espanyol
Publicat: Santiago Librería de la Federación de Obras Católicas 1915
Edició:1a. ed
Col·lecció:Biblioteca Religión y Ciencia, 2
Matèries:
Etiquetes: Afegir etiqueta
Sense etiquetes, Sigues el primer a etiquetar aquest registre!

MARC

LEADER 00000cam a2200000 a 4500
001 UCD0909
003 CL-VaPUC
008 151218e19150000cl |||||||||||||||||spa|d
082 0 4 |a 241  |b GAU  |2 21 
100 |a Gaume, Juan José  |e author  |9 584931 
245 1 3 |a El gran hecho: el mundo adora a un judío crucificado 
250 |a 1a. ed 
300 |a 61 p 
942 |c BK 
945 |d 20151218 14:15:00  |a gsalatino 
260 |a Santiago  |b Librería de la Federación de Obras Católicas  |c 1915 
600 0 |a Jesús  |9 313614 
650 0 |a Cristianismo  |9 257361 
650 0 |a Judíos  |9 313771 
650 0 |a Ateísmo  |9 265671 
650 0 |a Racionalismo  |9 259116 
583 |a last modification  |c 20151218 14:15:00  |k Rodrigo Vera 
490 0 |a Biblioteca Religión y Ciencia, 2 
999 |c 362346  |d 362344 
952 |0 0  |1 0  |3 erd  |4 0  |6 241_000000000000000_GAU_1915  |7 0  |8 P  |9 473444  |a BIBTEO  |b BIBTES  |c TEO_FTES  |i 5274966  |o 241 GAU 1915  |p 5274966  |r 2024-01-18  |w 2019-11-24  |y BK  |z Catalogado en:20151218  |k ICR 
952 |0 0  |1 0  |3 erd  |4 0  |6 241_000000000000000_GAU_1915  |7 0  |8 P  |9 473445  |a BIBTEO  |b BIBTES  |c TEO_FTES  |i 5274974  |o 241 GAU 1915  |p 5274974  |r 2024-01-18  |w 2019-11-24  |y BK  |z Catalogado en:20151218  |k ICR